| 000 | 00536nam a2200181 a 4500 | ||
|---|---|---|---|
| 001 | 3977 | ||
| 005 | 20140414131927.0 | ||
| 008 | 040721s19uu xx 00 eng d | ||
| 020 | _a0-671-773615 | ||
| 050 |
_aER _bR84 2000 |
||
| 100 | _aSchoberle, Cecile | ||
| 245 |
_aRugrats : open wide visit to the dentist / _cby Cecile Schoberle ; illustrated by Barry Goldberg. |
||
| 260 |
_aLondon : _bPocket Books, _c2000. |
||
| 300 | _a1 v. p. : ill. ; cm. | ||
| 650 |
_aDentists _xFiction. |
||
| 650 | _aChildren stories. | ||
| 999 |
_c112091 _d112091 |
||